Quizzes
Events
Quiz Creation
Community
Videos
Private Events
Remove Ads
Sign In
Join for FREE
Feedback
Dark Mode
Quiz Categories
Sports
Geography
Music
Movies
Television
Just For Fun
Miscellaneous
History
Literature
Language
Science
Gaming
Entertainment
Religion
Holiday
For Kids
Quiz Lab
Recent
Popular Today
Quiz Kudos Today
Editor Picks
Curator Picks
Quizzes by...
Day
Popularity
Type
Ratings
Length
Year
Community
Subscriptions
Recent Discussions
Orange Saloon
Badges
Playlists
Quests
Create
Leaderboards
Showdown
Live 5
Trivia Bingo
Activity
Puzzle Library
Sporcle Events
Private Events
Virtual Trivia
Globe League
Become a Host
Pub Owners
SporcleCon
Opinionation
Our Games
Videos
Blog
Mobile Apps
Partnerships
Remove Ads and Go Orange
Feedback
Music
Pop Music
The Beatles
Song
Album
Lyrics
Bands
Singers
Artist
Clip
Rock
Rap
Classical
Billboard
Country Music
Kpop
Taylor Swift
Music
Pop Music
The Beatles
Song
Album
Lyrics
Bands
Singers
Artist
Clip
Rock
Rap
Classical
Billboard
Country Music
Kpop
Taylor Swift
Random Quiz
Search Sporcle
×
Quiz Lab
Quiz Lab
Music
Eurovision Winners
Select answers by clicking on text or image buttons
Select answers by clicking on text or image buttons
Clickable
Best Score? Go Orange.
ESC Given Names (Winners) Stats
Can you match the given/original names of Eurovision winning artists to their stage names/band names?
By
mlingua
9m
60 Questions
388 Plays
388 Plays
388 Plays
Comments
Comments
Give Quiz Kudos
Give Quiz Kudos
-
- Ratings
hide this ad
Forced Order
Answers have to be entered in order
Answers have to be entered in order
Replay
Link that replays current quiz
Next Quiz
Link to next quiz in quiz playlist
You Got
0%
They Got
Avg Score
48%
Avg Friend Score
Upgrade to see
Score Distribution
Jump to the score distribution portion of the page
Score
0/60
Timer
09:00
0
Plays Today
% Correct
Duncan Laurence
90.6%
Måneskin
81.3%
Måns Zelmerlöw
78.6%
Emmelie de Forest
78.3%
Céline Dion
77%
Lena
76.5%
Carola
75.7%
Olsen Brothers
75.7%
Salvador Sobral
73.5%
Charlotte Perrelli
71.6%
Udo Jürgens
70.8%
ABBA
70.5%
Corry Brokken
70%
Herreys
70%
Kalush Orchestra
68.8%
Eimear Quinn
68.7%
Nicole
66.1%
France Gall
64.9%
Dana
64.3%
Helena Paparizou
63.3%
Toto Cutugno
63%
Ell & Nikki
63%
Loreen
61.2%
Charlie McGettigan
60.8%
Marija Šerifović
60.7%
Marie Myriam
60.5%
Frida Boccara
60.2%
Jean-Claude Pascal
58.1%
Corinne Hermès
57.9%
Alexander Rybak
57.1%
% Correct
Bobbysocks!
55.8%
Katrina and the Waves
55%
Lenny Kuhr
54.4%
Marie N
53.5%
Lordi
50.4%
Teach-In
43.9%
Ruslana
43.9%
Sandra Kim
43.7%
Riva
41.1%
Secret Garden
40.3%
Brotherhood of Man
39.5%
Massiel
36.2%
Dima Bilan
36.2%
Jamala
35.1%
Johnny Logan
34.1%
Bucks Fizz
33.9%
Sandie Shaw
32%
Milk and Honey
31.5%
Vicky Leandros
26.1%
Dana International
25.1%
Izhar Cohen
24%
Teddy Scholten
23.3%
Lys Assia
20.2%
Salomé
19.9%
Lulu
19.9%
Dave Benton
16.5%
Netta
16.1%
Isabelle Aubret
13.4%
Séverine
13.4%
Jacqueline Boyer
11.4%
Quiz Playlist
Details
Report
Send in Message
Add To Playlist
Clickable:
Select answers by clicking on text or image buttons
Forced Order:
Answers have to be entered in order
Last Updated: Jul 27, 2023
Quiz Scoreboard
CHALLENGE
Sign Up to Join the Scoreboard
Show All
Scores
Hide
Comments
May contain spoilers
Recently Published
Billboard Blitz: Fleetwood Mac
by CooCooCachoo
Music
15s
Presidents Visiting Landmarks
by Hejman
History
7m
An Introduction to Baseball
by treessimontrees
Sports
5m
More to Explore
Quiz From the Vault
Featured Blog Post
Where Did the Easter Bunny Come From?
hide this ad
You Might Also Like...
Tags
Eurovision
Eurovision Participants
Eurovision Winners
Stage Names
Today's Top Quizzes in Music
Browse Music
hide this ad
Today's Top Quizzes in Eurovision Winners
Browse Eurovision Winners
Top Contributed Quizzes in Music
1
Taylor Swift All Songs (2024)
2
Guess the Artist- 70s Songs
3
7-to-1: Billboard Hot 100 #1 Hits of 2010s
4
Sorting Albums and Songs
5
Taylor Swift Logic Puzzle
6
One Thing in Common: Music
7
2010s Album by Cover III
8
KPOP LOGIC QUIZ
9
Guess the Taylor Swift song (Mystery Song)
10
Guess the Artist- 80s Songs
Explore More
Trending Topics
NBA
Kpop
Disney
Anime
Marvel
Crossword
Harry Potter
NFL
The Office
Puzzle
WWE
Song
Country
Pokémon
Soccer
hide this ad
More By:
mlingua
Quiz
Plays
Rating
Category
Featured
Created
Eurovision 2019 by First Line
6,370
4.67
Music
Mar 11, 2019
Eurovision 2015-19 by Any 3 Letters
4,605
4.88
Entertainment
May 28, 2019
Måneskin Discography
3,300
5.00
Music
May 27, 2021
Eurovision 2018 by First Line
3,194
4.40
Music
Mar 15, 2018
Eurovision 2021 by First Line
2,985
4.67
Music
Apr 28, 2021
Go to Creator's Profile
Score Distribution
Quiz Creator Spotlight
mlingua
Follow
Send a Message
Quizzes Created
-
Created Quiz Play Count
-
More By This Creator
Popular Quizzes Today
1
Find the US States - No Outlines Minefield
2
Find the Countries of Europe - No Outlines Minefield
3
The Countries of the World
4
Find the US States
5
US States
6
Popular People in 1961
7
Risky Map Clicking: Biggest States A-Z
8
Movies - When Are They Set?
More Music Quizzes
Food and Drink in Song Titles II
Editor's Pick
Trending Quizzes
Risky Map Clicking: Least Populous States A-Z
1-10 Letter G Words
1-10 Letter F Words
Risky Map Clicking: Next State Alphabetically
'A' Boys' Names Grid
Recently Updated
Leaping Animals
pecheneg
Reality TV Shows (A-Z)
bhenderson79
Rickey Henderson's Hall of Fame Teammates
pecheneg
Champions League XIs: Arsenal
pecheneg
Quick Pick: Celebrities in WWE's Hall of Fame
aduchscher
A-Z Keypad Blitz II
pecheneg
Multiple Oscar Actors
pecheneg
Mystery Phrase Blitz: Oscar 'Best Actors'
pecheneg
F. Scott Fitzgerald Novels
LTH
Pick 3 Villains
ddd62291
Trending Topics
Crossword
Kpop
Marvel
Anime
Disney
NBA
Harry Potter
Song
Soccer
WWE
Puzzle
Pokémon
The Office
NFL
Country
Your Account Isn't Verified!
In order to create a playlist on Sporcle, you need to verify the email address you used during registration. Go to your
Sporcle Settings
to finish the process.
Report this User
Report this user for behavior that violates our
Community Guidelines
.
Details:
Send Report
Go to the Sporcle.com Mobile Site →
Comments